Statistics for BattleBots by LEGO Picture

Click here to take the quiz!

General Stats

  • This quiz has been taken 22 times
  • The average score is 14 of 16

Answer Stats

Answer% Correct
SMEEEEEEEEEEEEEEEEEEE
100%
Bite Force
94%
Gigabyte
94%
HUGE
94%
Kraken
94%
Tombstone
94%
Valkyrie
94%
Blacksmith
88%
Deep Six
88%
Ghost Raptor
88%
Yeti
88%
Captain Shrederator
81%
Copperhead
81%
WAR Hawk
81%
Warrior Clan
75%
RailGun MAX
69%

Score Distribution

Percentile by Number Answered

Percent of People with Each Score

Your Score History

You have not taken this quiz